Lista de las especies de plantas restringidas para Colombia con base en la literatura (Registro nro. 269)

Detalles MARC
000 -CABECERA
Campo de control 00805nam a2200277 a 4500
005 - FECHA Y HORA DE LA ULTIMA TRANSACCION
Campo de control 20170106122824.0
008 - ELEMENTOS DE LONGITUD FIJA—INFORMACION GENERAL
Campo de control 140220b1994 ck ||||| |||| 00| 0 spa d
040 ## - FUENTE DE CATALOGACIÓN
Agencia catalogadora original CO-BoIAVH
Agencia transcriptora CO-BoIAVH
041 ## - IDIOMA
Código de idioma para texto/pista de sonido o título separado Español
044 ## - PAÍS DE PUBLICACIÓN
País de publicación Colombia
090 ## - CLASIFICACIÓN LOCAL
Colección LB
Consecutivo 00249
100 ## - ASIENTO PRINCIPAL--NOMBRE PERSONAL
Nombre personal Galeano, Martha Patricia
9 (RLIN) 3787
245 ## - MENCION DE TITULO
Título Lista de las especies de plantas restringidas para Colombia con base en la literatura
260 ## - PUBLICACION, DISTRIBUCION, ETC. (PIE DE IMPRENTA)
Lugar de publicación, distribución, etc. Bogotá
Nombre del editor, distribuidor, etc. ICN
Fecha de publicación, distribución, etc. 1994?
300 ## - DESCRIPCION FISICA
Extensión 336 p.
650 ## - ASIENTO SECUNDARIO DE MATERIA - TERMINO TEMATICO
Término temático o nombre geográfico como elemento de entrada Inventarios floristicos
9 (RLIN) 7117
650 ## - ASIENTO SECUNDARIO DE MATERIA - TERMINO TEMATICO
Término temático o nombre geográfico como elemento de entrada Plantas
9 (RLIN) 78217
650 ## - ASIENTO SECUNDARIO DE MATERIA - TERMINO TEMATICO
Término temático o nombre geográfico como elemento de entrada Espermatofitos
9 (RLIN) 7129
662 ## - ASIENTO SECUNDARIO DE MATERIA - JERARQUIA DEL NOMBRE DE LUGAR(
País o entidad mayor Colombia
700 ## - ASIENTO SECUNDARIO - NOMBRE PERSONAL
Nombre personal Aguilar, Mauricio
9 (RLIN) 5352
700 ## - ASIENTO SECUNDARIO - NOMBRE PERSONAL
Nombre personal Cuartas Ch., David
9 (RLIN) 7131
700 ## - ASIENTO SECUNDARIO - NOMBRE PERSONAL
Nombre personal Garzón, Aida
9 (RLIN) 7132
700 ## - ASIENTO SECUNDARIO - NOMBRE PERSONAL
Nombre personal Cortés, Rocio
9 (RLIN) 7133
700 ## - ASIENTO SECUNDARIO - NOMBRE PERSONAL
Nombre personal Martínez A., Xatli
9 (RLIN) 7134
942 ## - ELEMENTOS ADICIONALES (KOHA)
Tipo de ítem Informe Técnico
Sistema de clasificación Local
Existencias
Withdrawn status Lost status Sistema de Clasificación Damaged status No para préstamo Colección Inventariado Ubicación Permanente Ubicación actual Fecha de adquisición Total Checkouts Número topográfico Inventario / Código de Barras Date last seen Ejemplar Price effective from Forma de adquisición Tipo de material
    Local     General Inventariado 2017 Bogotá Bogotá 26/12/1997   LB-00249 000350 04/12/2012 Ej. 1 04/12/2012   Informe Técnico